Curso Bs̀ico de Direito Sindical

Bibliographic Details
Main Author: Arouca, Jos ̌Carlos
Format: eBook
Language:Portuguese
Published: San Pablo: LTR, 2018
Edition:6ta. edicin̤
Subjects:
Online Access:Acceso restringido

MARC

LEADER 00000nam a22000007a 4500
005 20190901140036.0
007 cr|||| ||||
008 190901s2018 br |||||s|||| 00||0 por d
020 |a 978-85-361-9698-5 
035 |a 24731 
040 |a vLex 
090 |c 9350  |d 9350 
100 1 |a Arouca, Jos ̌Carlos 
245 1 0 |a Curso Bs̀ico de Direito Sindical  |h [Recurso electrn̤ico] /  |c Jos ̌Carlos Arouca 
250 |a 6ta. edicin̤ 
256 |a Servicio en ln̕ea 
260 |a San Pablo:  |b LTR,  |c 2018 
300 |a 1 recurso electrn̤ico 
500 |a 6® ediȯ̂. Da CLT ̉Reforma Trabalhista de 2017 (Lei n. 13.467). 
506 1 |a Disponible solo en los productos indicados  |d vLex Global  |d vLex Global (Academic Edition, excluding Law Schools)  |d vLex Global (U.S. Academic Edition, Law Schools)  |d vLex Global (U.S. Academic Edition, excluding Law Schools)  |d vLex Global (Academic Edition, Law Schools) 
650 0 4 |a Derecho Sindical  |z Brasil 
740 0 |a vLex Libros (Servicio en ln̕ea) 
856 4 0 |u http://vlex.com/source/curso-basico-direito-sindical-24731  |z Acceso restringido 
942 |c BOOK 
999 0 |a Trade Union Law